000 00696nam a2200289Ia 4500
005 20260324131831.0
008 008 260324s9999 xx 000 0 eng d
020 _a9781315250045
037 _aEBOOK
040 _aCRL
040 _beng
040 _cCRL
041 _2eng
041 _aeng
084 _qCRL
100 _aElizabeth Orna
_91187006
245 0 _aMaking Knowledge Visible
245 0 _bCommunicating Knowledge Through Information Products
260 _bTaylor and Francis
260 _c2005
365 _a
365 _b230
856 _uhttp://www.taylorfrancis.com/books/9781315250045
942 _cEBOOK
999 _c1784539
_d1784539